000
00195 a2200109 4500
020
_a
070609837383
041
_a
spa
100
_a
Mcnally;Rand
245
_a
Planetas
942
_c
BK
952
_7
1
999
_c
19892
_d
19892